000 00970cad a22002415a 4500
001 E151197
008 101006s2008 xxk f 100 0 eng d
020 _a9781842194348
035 _a(Sirsi) u151197
041 0 _aeng
100 1 _aKelly, John
_cProfessor
111 2 _aConstruction and Building Research Conference
_cDublin Institute of Technology, Dublin
_d4-5 September 2008
245 0 2 _aA whole life cost orientated benchmarking database for local authority construction projects
_h[electronic resource]
260 _aLondon
_bRICS
_c2008
520 _aA paper presented at the COBRA Conference 2008 in Dublin.
590 _aKA
650 2 4 _aCONSTRUCTION AND BUILDING RESEARCH CONFERENCE (COBRA)
651 4 _aUnited Kingdom
_y
690 _aBUILT ENVIRONMENT-BUILDING COSTS
700 1 _aGale, Tony
856 4 0 _uhttps://www.rics.org/site/download_feed.aspx?fileID=3194&fileExtension=PDF
_zView the item free of charge at www.rics.org...
942 _n0
999 _c111220
_d111220